[Event "4NCL/2001-02/D3/SCS-NK"]
[Site "Rd07-Birmingham"]
[Date "2002.03.23"]
[Round "7.5"]
[White "Rattray, Ross"]
[Black "Rees, Ioan L"]
[Result "1/2-1/2"]
[WhiteElo "2050"]
[BlackElo "1970"]
[PlyCount "63"]
[EventDate "2002.03.23"]
[EventType "team-match"]
[EventCountry "ENG"]
[SourceTitle "BritBase"]
[Source "John Saunders"]
[SourceDate "2024.10.24"]
[SourceVersion "1"]
[SourceVersionDate "2024.10.24"]
[SourceQuality "1"]
[WhiteTeam "Southern Counties Stars"]
[BlackTeam "Nidum Knights"]
[WhiteTeamCountry "ENG"]
[BlackTeamCountry "WLS"]

1. e4 e5 2. Nf3 Nc6 3. Bc4 Nf6 4. d4 exd4 5. O-O Bc5 6. e5 d5 7. exf6 dxc4 8. Re1+ Be6 9. fxg7 Rg8 10. Ng5 Qd5 11. Nc3 Qf5 12. g4 Qg6 13. Nce4 Be7 14. f4 Rxg7 15. f5 Bxf5 16. gxf5 Qxf5 17. Ng3 Rxg5 18. Bxg5 Qxg5 19. Qf3 O-O-O 20. Qxf7 d3 21. c3 Bc5+ 22. Kh1 Qd5+ 23. Qxd5 Rxd5 24. Re8+ Nd8 25. Rh8 Rd7 26. Ne4 Bd6 27. a4 Re7 28. Ng5 Bf4 29. Nf3 Kd7 30. Rf8 Ne6 31. Rf5 c6 32. Re1 1/2-1/2

[Event "4NCL/2001-02/D3/SCS-NK"]
[Site "Rd07-Birmingham"]
[Date "2002.03.23"]
[Round "7.6"]
[White "Wheatley, Chris J"]
[Black "Lutton, J Ezra"]
[Result "0-1"]
[WhiteElo "2024"]
[BlackElo "2090"]
[PlyCount "112"]
[EventDate "2002.03.23"]
[EventType "team-match"]
[EventCountry "ENG"]
[SourceTitle "BritBase"]
[Source "John Saunders"]
[SourceDate "2024.10.24"]
[SourceVersion "1"]
[SourceVersionDate "2024.10.24"]
[SourceQuality "1"]
[WhiteTeam "Nidum Knights"]
[BlackTeam "Southern Counties Stars"]
[WhiteTeamCountry "WLS"]
[BlackTeamCountry "ENG"]

1. d4 Nf6 2. Nf3 e6 3. e3 b6 4. Bd3 Bb7 5. O-O c5 6. c4 d6 7. Nc3 Nbd7 8. b3 g6 9. Bb2 Bg7 10. Qe2 O-O 11. Rad1 h6 12. Bb1 Qe7 13. e4 Nh5 14. Qd2 Rad8 15. d5 e5 16. g3 Ndf6 17. a4 a5 18. Ne1 Bc8 19. Bd3 Nh7 20. Ng2 Ng5 21. Be2 Nf6 22. f3 Nh5 23. Rde1 f5 24. Bd3 f4 25. g4 Nh3+ 26. Kh1 Nf6 27. Nd1 h5 28. gxh5 Nxh5 29. Nf2 Nxf2+ 30. Qxf2 Bf6 31. Rb1 g5 32. Rfd1 Qh7 33. Kg1 g4 34. fxg4 Bxg4 35. Be2 Bd7 36. Bf3 Bg5 37. Qe2 Nf6 38. Ne1 Kf7 39. Nd3 Rg8 40. Kh1 Bh4 41. Bxe5 dxe5 42. Nxe5+ Ke7 43. Nxd7 Nxd7 44. e5 Rg5 45. d6+ Ke8 46. Bc6 f3 47. Qxf3 Bg3 48. Rb2 Bxe5 49. Rf2 Qg7 50. Rdf1 Bxd6 51. Rd2 Ke7 52. Bxd7 Rxd7 53. Re1+ Be5 54. Rde2 Qf6 55. Qc3 Rd4 56. Qh3 Qc6+ 0-1

[Event "4NCL/2001-02/D3/SCS-NK"]
[Site "Rd07-Birmingham"]
[Date "2002.03.23"]
[Round "7.7"]
[White "Partington, Anna"]
[Black "Hammond, Terry"]
[Result "1/2-1/2"]
[WhiteElo "1784"]
[BlackElo "1946"]
[PlyCount "46"]
[EventDate "2002.03.23"]
[EventType "team-match"]
[EventCountry "ENG"]
[SourceTitle "BritBase"]
[Source "John Saunders"]
[SourceDate "2024.10.24"]
[SourceVersion "1"]
[SourceVersionDate "2024.10.24"]
[SourceQuality "1"]
[WhiteTeam "Southern Counties Stars"]
[BlackTeam "Nidum Knights"]
[WhiteTeamCountry "ENG"]
[BlackTeamCountry "WLS"]

1. d4 d5 2. Nf3 Nf6 3. e3 Nbd7 4. b3 g6 5. Bd3 Bg7 6. Bb2 O-O 7. O-O c6 8. Nbd2 Ne8 9. Ne5 f6 10. Nxd7 Bxd7 11. f4 Nd6 12. c4 Bf5 13. Qe2 Bxd3 {(=)} 14. Qxd3 f5 15. Nf3 Ne4 16. Ne5 e6 17. Rac1 Qa5 18. cxd5 exd5 19. Rc2 Rfe8 20. a3 a6 21. b4 Qb5 22. Qd1 a5 23. bxa5 Rxa5 1/2-1/2

[Event "4NCL/2001-02/D3/SCS-NK"]
[Site "Rd07-Birmingham"]
[Date "2002.03.23"]
[Round "7.8"]
[White "Hammond, Rhiannon"]
[Black "Miller, Naomi"]
[Result "1-0"]
[WhiteElo "1696"]
[BlackElo "1368"]
[PlyCount "79"]
[EventDate "2002.03.23"]
[EventType "team-match"]
[EventCountry "ENG"]
[SourceTitle "BritBase"]
[Source "John Saunders"]
[SourceDate "2024.10.24"]
[SourceVersion "1"]
[SourceVersionDate "2024.10.24"]
[SourceQuality "1"]
[WhiteTeam "Nidum Knights"]
[BlackTeam "Southern Counties Stars"]
[WhiteTeamCountry "WLS"]
[BlackTeamCountry "ENG"]

1. e4 c5 2. Nc3 Nc6 3. g3 g6 4. Bg2 d6 5. d3 Bg7 6. f4 Qc7 7. Nf3 Nf6 8. O-O O-O 9. Rb1 a6 10. Kh1 b5 11. a3 Bb7 12. Be3 e6 13. h3 d5 14. Bxc5 Rfd8 15. e5 Nh5 16. Bf2 Rac8 17. Ne2 a5 18. g4 Nxf4 19. Nxf4 Nxe5 20. Nd4 Ba6 21. Nfxe6 fxe6 22. Nxe6 Qd6 23. Nxd8 Rxd8 24. Bg3 Qb6 25. Qd2 Bb7 26. Rbe1 Nf7 27. Qf4 Nd6 28. Re6 Bf8 29. Bh4 Rc8 30. Rxd6 Qxd6 31. Qf7+ Kh8 32. Bf6+ Qxf6 33. Qxf6+ Kg8 34. Qe6+ Kh8 35. Bxd5 Bxd5+ 36. Qxd5 Bg7 37. c3 b4 38. axb4 axb4 39. Qb7 Rg8 40. Qxb4 1-0

[Event "4NCL/2001-02/D3/GUI2-MSL"]
[Site "Rd09-Birmingham"]
[Date "2002.05.04"]
[Round "9.1"]
[White "Broomfield, Matthew P"]
[Black "Kenworthy, Gary"]
[Result "1/2-1/2"]
[WhiteElo "2235"]
[BlackElo "2274"]
[PlyCount "88"]
[EventDate "2002.05.04"]
[EventCountry "ENG"]
[SourceTitle "BritBase"]
[Source "John Saunders"]
[SourceDate "2024.10.24"]
[SourceVersion "1"]
[SourceVersionDate "2024.10.24"]
[SourceQuality "1"]
[WhiteTeam "Guildford-ADC 2"]
[BlackTeam "Mind Sports Ltd"]
[WhiteTeamCountry "ENG"]
[BlackTeamCountry "ENG"]

1. d4 g6 2. e4 Bg7 3. Nc3 d6 4. Be3 a6 5. h4 Nc6 6. h5 gxh5 7. Qd2 e5 8. d5 Nce7 9. Rxh5 Ng6 10. f3 Nf6 11. Rh1 h5 12. g3 Bd7 13. O-O-O b5 14. Kb1 b4 15. Nce2 a5 16. Nc1 Qb8 17. c4 bxc3 18. Qxc3 O-O 19. Bh3 Bxh3 20. Nxh3 Rc8 21. Qb3 c6 {=} 22. Qxb8 Raxb8 23. dxc6 Rxc6 24. Rh2 Ne7 25. Rhd2 Rc3 26. Re2 {=} d5 27. Nb3 Rcc8 28. Bg5 dxe4 29. fxe4 a4 30. Nd2 Nc6 31. Nf3 Ng4 32. Be3 Rb4 33. Bd2 Rc4 34. b3 Rb8 35. Rc1 Rxc1+ 36. Bxc1 Nd4 37. Nxd4 exd4 38. Nf4 axb3 39. a3 Rb5 40. Bb2 Ne3 41. Rd2 Nc2 42. Rd3 Be5 43. Nxh5 Ne1 44. Rd1 Nc2 1/2-1/2

[Event "4NCL/2001-02/D3/GUI2-MSL"]
[Site "Rd09-Birmingham"]
[Date "2002.05.04"]
[Round "9.2"]
[White "Parker, Robert"]
[Black "Thompson, Ian D"]
[Result "0-1"]
[WhiteElo "2112"]
[BlackElo "2231"]
[PlyCount "58"]
[EventDate "2002.05.04"]
[EventCountry "ENG"]
[SourceTitle "BritBase"]
[Source "John Saunders"]
[SourceDate "2024.10.24"]
[SourceVersion "1"]
[SourceVersionDate "2024.10.24"]
[SourceQuality "1"]
[WhiteTeam "Mind Sports Ltd"]
[BlackTeam "Guildford-ADC 2"]
[WhiteTeamCountry "ENG"]
[BlackTeamCountry "ENG"]

1. d4 e6 2. Nf3 Nf6 3. c4 b6 4. g3 Ba6 5. b3 Bb4+ 6. Bd2 Be7 7. Bg2 c6 8. O-O O-O 9. Bc3 d5 10. Nbd2 Bb7 11. Ne5 Nfd7 12. f4 c5 13. e3 Nc6 14. Nxc6 Bxc6 15. f5 Bf6 16. Qg4 Qe7 17. Rae1 Rac8 18. Ba1 Rfe8 19. Nf3 exf5 20. Qxf5 dxc4 21. bxc4 Be4 22. Qg4 Bd3 23. Rf2 Bxc4 24. Ne5 Bxe5 25. dxe5 Be6 26. Qe4 c4 27. Rd2 Nc5 28. Qc2 Nd3 29. Rf1 Qg5 0-1

[Event "4NCL/2001-02/D3/GUI2-MSL"]
[Site "Rd09-Birmingham"]
[Date "2002.05.04"]
[Round "9.3"]
[White "Jackson, Adrian"]
[Black "Reuben, Stewart"]
[Result "1/2-1/2"]
[WhiteElo "2256"]
[BlackElo "2168"]
[PlyCount "32"]
[EventDate "2002.05.04"]
[EventCountry "ENG"]
[SourceTitle "BritBase"]
[Source "John Saunders"]
[SourceDate "2024.10.24"]
[SourceVersion "1"]
[SourceVersionDate "2024.10.24"]
[SourceQuality "1"]
[WhiteTeam "Guildford-ADC 2"]
[BlackTeam "Mind Sports Ltd"]
[WhiteTeamCountry "ENG"]
[BlackTeamCountry "ENG"]

1. e4 c5 2. Nf3 Nc6 3. d4 cxd4 4. Nxd4 g6 5. c4 Bg7 6. Be3 Nh6 7. Be2 d6 8. Qd2 Ng4 9. Bxg4 Bxg4 10. f3 Be6 11. Nxe6 fxe6 12. Nc3 Qa5 13. Rc1 Rc8 14. b3 a6 15. O-O O-O 16. Ne2 Qxd2 1/2-1/2

[Event "4NCL/2001-02/D3/GUI2-MSL"]
[Site "Rd09-Birmingham"]
[Date "2002.05.04"]
[Round "9.4"]
[White "Muter, Donny"]
[Black "Frostick, Clive Anthony"]
[Result "1/2-1/2"]
[WhiteElo "2099"]
[BlackElo "2184"]
[PlyCount "68"]
[EventDate "2002.05.04"]
[EventCountry "ENG"]
[SourceTitle "BritBase"]
[Source "John Saunders"]
[SourceDate "2024.10.24"]
[SourceVersion "1"]
[SourceVersionDate "2024.10.24"]
[SourceQuality "1"]
[WhiteTeam "Mind Sports Ltd"]
[BlackTeam "Guildford-ADC 2"]
[WhiteTeamCountry "ENG"]
[BlackTeamCountry "ENG"]

1. d4 d5 2. c4 dxc4 3. e4 Nc6 4. Be3 Nf6 5. e5 Nd5 6. Bxc4 Nb6 7. Be2 Nb4 8. Nc3 Bf5 9. Rc1 e6 10. Nf3 Be7 11. O-O O-O 12. Ne1 Rc8 13. Bf3 N6d5 14. Qb3 b6 15. a3 Nxc3 16. bxc3 Nd5 17. c4 Nxe3 18. fxe3 c6 19. Rd1 Qc7 20. Qb2 f6 21. e4 Bg6 22. Nd3 Bf7 23. Bg4 Rcd8 24. Kh1 Kh8 25. Rf2 Bg6 26. Nf4 Bf7 27. exf6 Bxf6 28. e5 Bg5 29. Nxe6 Bxe6 30. Bxe6 Rxf2 31. Qxf2 Qxe5 32. Bg4 Be3 33. dxe5 Rxd1+ 34. Bxd1 Bxf2 1/2-1/2

[Event "4NCL/2001-02/D3/GUI2-MSL"]
[Site "Rd09-Birmingham"]
[Date "2002.05.04"]
[Round "9.5"]
[White "Norman, Kenneth I"]
[Black "Hawkins, James Nick"]
[Result "1-0"]
[WhiteElo "2144"]
[BlackElo "2104"]
[PlyCount "57"]
[EventDate "2002.05.04"]
[EventCountry "ENG"]
[SourceTitle "BritBase"]
[Source "John Saunders"]
[SourceDate "2024.10.24"]
[SourceVersion "1"]
[SourceVersionDate "2024.10.24"]
[SourceQuality "1"]
[WhiteTeam "Guildford-ADC 2"]
[BlackTeam "Mind Sports Ltd"]
[WhiteTeamCountry "ENG"]
[BlackTeamCountry "ENG"]

1. Nf3 Nf6 2. c4 e6 3. g3 b6 4. Bg2 Bb7 5. O-O c5 6. Nc3 d5 7. cxd5 exd5 8. d4 Be7 9. dxc5 bxc5 10. Ne1 Qd7 11. Qb3 c4 12. Qd1 O-O 13. Nc2 Rd8 14. Be3 Nc6 15. Nd4 Bc5 16. Nxc6 Qxc6 17. Bd4 Rab8 18. Rc1 Ba8 19. Rc2 Ne4 20. Nxe4 dxe4 21. Rxc4 Rxd4 22. Rxd4 Bxd4 23. Qxd4 Qc2 24. Qxa7 Qxb2 25. a4 Bc6 26. a5 h6 27. Qc5 Ba8 28. Qc4 Rb4 29. Qc8+ 1-0

[Event "4NCL/2001-02/D3/GUI2-MSL"]
[Site "Rd09-Birmingham"]
[Date "2002.05.04"]
[Round "9.6"]
[White "Purdon, Colin"]
[Black "Briscoe, Christopher"]
[Result "1-0"]
[WhiteElo "2097"]
[BlackElo "2157"]
[PlyCount "81"]
[EventDate "2002.05.04"]
[EventCountry "ENG"]
[SourceTitle "BritBase"]
[Source "John Saunders"]
[SourceDate "2024.10.24"]
[SourceVersion "1"]
[SourceVersionDate "2024.10.24"]
[SourceQuality "1"]
[WhiteTeam "Mind Sports Ltd"]
[BlackTeam "Guildford-ADC 2"]
[WhiteTeamCountry "ENG"]
[BlackTeamCountry "ENG"]

1. d4 Nf6 2. c4 Nc6 3. Nf3 e6 4. a3 d5 5. Nc3 dxc4 6. e4 Na5 7. e5 Nd5 8. Bg5 Qd7 9. g3 Nxc3 10. bxc3 b5 11. Bg2 Bb7 12. O-O h6 13. Be3 Nb3 14. Ra2 Be7 15. Nh4 O-O-O 16. Bxb7+ Kxb7 17. Ng2 Qd5 18. a4 a6 19. Nf4 Qe4 20. Re1 g5 21. Ng2 Qc6 22. axb5 axb5 23. Qh5 f5 24. exf6 Bxf6 25. Ra7+ Kb8 26. Re2 Rdf8 27. Rea2 e5 28. d5 Qxd5 29. Ra8+ Qxa8 30. Rxa8+ Kxa8 31. Qf3+ Kb8 32. Qc6 Rd8 33. Qxb5+ Kc8 34. Qa6+ Kd7 35. Qxf6 Ra8 36. Ne1 Rhf8 37. Qxe5 Ra1 38. Qg7+ Ke8 39. Kf1 Nc1 40. Qe5+ Kd8 41. Qd5+ 1-0

[Event "4NCL/2001-02/D3/GUI2-MSL"]
[Site "Rd09-Birmingham"]
[Date "2002.05.04"]
[Round "9.7"]
[White "Sharp, Peter"]
[Black "Grigoryan, Meri"]
[Result "1-0"]
[WhiteElo "2104"]
[BlackElo "2036"]
[PlyCount "69"]
[EventDate "2002.05.04"]
[EventCountry "ENG"]
[SourceTitle "BritBase"]
[Source "John Saunders"]
[SourceDate "2024.10.24"]
[SourceVersion "1"]
[SourceVersionDate "2024.10.24"]
[SourceQuality "1"]
[WhiteTeam "Guildford-ADC 2"]
[BlackTeam "Mind Sports Ltd"]
[WhiteTeamCountry "ENG"]
[BlackTeamCountry "ENG"]

1. d4 d5 2. Nf3 c6 3. g3 Nf6 4. Bg2 g6 5. O-O Bf5 6. c4 dxc4 7. Ne5 Be4 8. Bxe4 Nxe4 9. Nxc4 Bg7 10. f3 Nd6 11. Nxd6+ Qxd6 12. e3 Nd7 13. Nc3 h5 14. f4 f5 15. Qf3 h4 16. g4 O-O-O 17. g5 Nb6 18. Rd1 Nc4 19. b3 Qb4 20. Rd3 Nd6 21. Bb2 h3 22. Rad1 Rh4 23. Nb1 Ne4 24. Bc3 Qb5 25. Be1 Rg4+ 26. Bg3 Rh8 27. Nc3 Nxc3 28. Rxc3 Qa5 29. Rc2 Rd8 30. Rdc1 Rd6 31. Qf1 Qd5 32. Qxh3 Re6 33. Qg2 Qxg2+ 34. Kxg2 Rxe3 35. d5 {time} 1-0

[Event "4NCL/2001-02/D3/GUI2-MSL"]
[Site "Rd09-Birmingham"]
[Date "2002.05.04"]
[Round "9.8"]
[White "Kelly, Paul J"]
[Black "Yurenok, Maria S"]
[Result "0-1"]
[WhiteElo "1856"]
[BlackElo "2098"]
[PlyCount "122"]
[EventDate "2002.05.04"]
[EventCountry "ENG"]
[SourceTitle "BritBase"]
[Source "John Saunders"]
[SourceDate "2024.10.24"]
[SourceVersion "1"]
[SourceVersionDate "2024.10.24"]
[SourceQuality "1"]
[WhiteTeam "Mind Sports Ltd"]
[BlackTeam "Guildford-ADC 2"]
[WhiteTeamCountry "ENG"]
[BlackTeamCountry "ENG"]

1. e4 c5 2. Nf3 e6 3. c3 d5 4. e5 d4 5. c4 Ne7 6. d3 Ng6 7. g3 b6 8. Bg2 Bb7 9. O-O Nc6 10. Re1 Qc7 11. Qe2 Be7 12. Na3 a6 13. Nc2 O-O 14. Bd2 b5 15. b3 h6 16. h4 Rfe8 17. h5 Nf8 18. Nh2 f6 19. exf6 Bxf6 20. Ng4 Qe7 21. Nxf6+ Qxf6 22. Be4 b4 23. a3 a5 24. a4 Nd7 25. Kg2 Rac8 26. Rh1 Nd8 27. Rh4 e5 28. Rf1 Bxe4+ 29. Rxe4 Qc6 30. Kg1 Nf7 31. Ne1 Nf6 32. Rh4 e4 33. Bf4 Re6 34. dxe4 Rxe4 35. Qd3 Ne5 36. Bxe5 Rxe5 37. Nf3 Re7 38. Re1 Rxe1+ 39. Nxe1 Re8 40. Nf3 Qe6 41. Kf1 Ne4 42. Kg2 Nc3 43. Rf4 Rf8 44. Rxf8+ Kxf8 45. Nh4 Qe4+ 46. Qxe4 Nxe4 47. Ng6+ Ke8 48. Ne5 Nd2 49. f4 Nxb3 50. Nd3 Nd2 51. Nxc5 b3 52. Nxb3 Nxb3 53. Kf3 Nd2+ 54. Ke2 Nxc4 55. Kd3 Nb2+ 56. Kxd4 Nxa4 57. Kc4 Nb6+ 58. Kb5 a4 59. Kb4 Kf7 60. g4 Kf6 61. Ka3 Nd5 0-1

[Event "4NCL/2001-02/D3/GUI3-WS"]
[Site "Rd09-Birmingham"]
[Date "2002.05.04"]
[Round "9.1"]
[White "Shepley, Julien M"]
[Black "Thomas, Nicholas"]
[Result "0-1"]
[WhiteElo "2108"]
[BlackElo "2237"]
[PlyCount "78"]
[EventDate "2002.05.04"]
[EventCountry "ENG"]
[SourceTitle "BritBase"]
[Source "John Saunders"]
[SourceDate "2024.10.24"]
[SourceVersion "1"]
[SourceVersionDate "2024.10.24"]
[SourceQuality "1"]
[WhiteTeam "Guildford-ADC 3"]
[BlackTeam "Warwickshire Select"]
[WhiteTeamCountry "ENG"]
[BlackTeamCountry "ENG"]

1. Nc3 c5 2. e4 Nc6 3. Nge2 e5 4. g3 g6 5. Bg2 Bg7 6. d3 Nge7 7. Be3 d6 8. Qd2 Nd4 9. O-O O-O 10. f4 f5 11. fxe5 dxe5 12. Nd5 Nxd5 13. exd5 b6 14. c3 Nb5 15. c4 Nd6 16. Rae1 Bd7 17. b3 Rf7 18. Nc3 Qf8 19. Qe2 Re8 20. Bh3 e4 21. Qc2 Rfe7 22. dxe4 Nxe4 23. Nxe4 Rxe4 24. Bf2 Rxe1 25. Rxe1 Rxe1+ 26. Bxe1 Bd4+ 27. Bf2 Qf6 28. Qd2 Bc3 29. Qf4 Be5 30. Qd2 Kg7 31. Be3 f4 32. gxf4 Bxh3 33. Qf2 Bd4 34. Bxd4 Qxd4 35. Qxd4+ cxd4 36. Kf2 Kf6 37. Ke2 Bf5 38. b4 Ke7 39. a3 Kd6 0-1

[Event "4NCL/2001-02/D3/GUI3-WS"]
[Site "Rd09-Birmingham"]
[Date "2002.05.04"]
[Round "9.2"]
[White "Hynes, Anthony M"]
[Black "Hill, David F"]
[Result "1-0"]
[WhiteElo "2232"]
[BlackElo "2151"]
[PlyCount "61"]
[EventDate "2002.05.04"]
[EventCountry "ENG"]
[SourceTitle "BritBase"]
[Source "John Saunders"]
[SourceDate "2024.10.24"]
[SourceVersion "1"]
[SourceVersionDate "2024.10.24"]
[SourceQuality "1"]
[WhiteTeam "Warwickshire Select"]
[BlackTeam "Guildford-ADC 3"]
[WhiteTeamCountry "ENG"]
[BlackTeamCountry "ENG"]

1. e4 d6 2. d4 g6 3. Nc3 Bg7 4. f4 a6 5. Nf3 b5 6. Bd3 Nd7 7. O-O c5 8. a4 b4 9. Ne2 cxd4 10. Nexd4 Nc5 11. Bc4 e6 12. f5 e5 13. Nb3 Nxb3 14. Bxb3 Qb6+ 15. Kh1 Nf6 16. Ng5 Ra7 17. a5 Qb8 18. Qf3 gxf5 19. Be3 Re7 20. exf5 h6 21. Ne4 Bb7 22. Nxf6+ Bxf6 23. Ba4+ Kf8 24. Qh3 h5 25. Rad1 e4 26. Bf4 Be5 27. f6 Re6 28. Qg3 Rxf6 29. Bxe5 Rxf1+ 30. Rxf1 dxe5 31. Bb3 1-0

[Event "4NCL/2001-02/D3/GUI3-WS"]
[Site "Rd09-Birmingham"]
[Date "2002.05.04"]
[Round "9.3"]
[White "Punnett, Alan Kenneth"]
[Black "Mason, Donald J"]
[Result "1-0"]
[WhiteElo "2121"]
[BlackElo "2284"]
[PlyCount "53"]
[EventDate "2002.05.04"]
[EventCountry "ENG"]
[SourceTitle "BritBase"]
[Source "John Saunders"]
[SourceDate "2024.10.24"]
[SourceVersion "1"]
[SourceVersionDate "2024.10.24"]
[SourceQuality "1"]
[WhiteTeam "Guildford-ADC 3"]
[BlackTeam "Warwickshire Select"]
[WhiteTeamCountry "ENG"]
[BlackTeamCountry "ENG"]

1. d4 Nf6 2. c4 g6 3. Nc3 d5 4. Nf3 Bg7 5. Bg5 Ne4 6. cxd5 Nxg5 7. Nxg5 e6 8. Qd2 exd5 9. Qe3+ Kf8 10. Qf4 Bf6 11. Nf3 Kg7 12. e3 Re8 13. Bd3 b6 14. g4 Be6 15. Nb5 Na6 16. Rc1 g5 17. Qg3 Nb4 18. Bb1 Qd7 19. Nxc7 Rec8 20. h4 gxh4 21. Nxh4 Na6 22. g5 Be7 23. Qe5+ Kg8 24. Bxh7+ Kxh7 25. Nf5+ Kg6 26. Nxe7+ Qxe7 27. Rh6# 1-0

[Event "4NCL/2001-02/D3/GUI3-WS"]
[Site "Rd09-Birmingham"]
[Date "2002.05.04"]
[Round "9.4"]
[White "Dighton, Simon G"]
[Black "Singleton, Michael Peter F"]
[Result "1-0"]
[WhiteElo "2234"]
[BlackElo "2080"]
[PlyCount "105"]
[EventDate "2002.05.04"]
[EventCountry "ENG"]
[SourceTitle "BritBase"]
[Source "John Saunders"]
[SourceDate "2024.10.24"]
[SourceVersion "1"]
[SourceVersionDate "2024.10.24"]
[SourceQuality "1"]
[WhiteTeam "Warwickshire Select"]
[BlackTeam "Guildford-ADC 3"]
[WhiteTeamCountry "ENG"]
[BlackTeamCountry "ENG"]

1. e4 c5 2. c3 Nf6 3. e5 Nd5 4. d4 cxd4 5. Nf3 Nc6 6. Bc4 Nb6 7. Bb3 d5 8. exd6 Qxd6 9. O-O Be6 10. Na3 dxc3 11. Nb5 Qxd1 12. Rxd1 Rc8 13. Bxe6 fxe6 14. bxc3 a6 15. Nbd4 Nxd4 16. Nxd4 e5 17. Nf3 Nc4 18. Rb1 b5 19. a4 bxa4 20. Ra1 e6 21. Rxa4 a5 22. Re1 Rc5 23. Ng5 Nb6 24. Ra1 Rxc3 25. Rxa5 Bb4 26. Raxe5 O-O 27. Bd2 Rb3 28. Bxb4 Rxb4 29. Nxe6 Re8 30. g3 Nd7 31. R5e2 Nf8 32. Nf4 Rxe2 33. Rxe2 Kf7 34. h4 h6 35. h5 Rb5 36. Kg2 Nd7 37. f3 Rf5 38. Ra2 Nf6 39. Ra7+ Kg8 40. Ne6 Nxh5 41. g4 Nf4+ 42. Kg3 Ne2+ 43. Kf2 Re5 44. Rxg7+ Kh8 45. Re7 Kg8 46. Rg7+ Kh8 47. Rg6 Kh7 48. Nf8+ Kh8 49. Rxh6+ Kg7 50. Re6 Nf4 51. Rxe5 Nd3+ 52. Kg3 Nxe5 53. Ne6+ 1-0

[Event "4NCL/2001-02/D3/GUI3-WS"]
[Site "Rd09-Birmingham"]
[Date "2002.05.04"]
[Round "9.5"]
[White "Clarke, Ian"]
[Black "Shephard, Christopher CW"]
[Result "0-1"]
[WhiteElo "1984"]
[BlackElo "2136"]
[PlyCount "64"]
[EventDate "2002.05.04"]
[EventCountry "ENG"]
[SourceTitle "BritBase"]
[Source "John Saunders"]
[SourceDate "2024.10.24"]
[SourceVersion "1"]
[SourceVersionDate "2024.10.24"]
[SourceQuality "1"]
[WhiteTeam "Guildford-ADC 3"]
[BlackTeam "Warwickshire Select"]
[WhiteTeamCountry "ENG"]
[BlackTeamCountry "ENG"]

1. d4 Nf6 2. c4 c5 3. d5 e5 4. Nc3 d6 5. e4 g6 6. Bd3 Bg7 7. h3 Nbd7 8. Nf3 a6 9. Be3 Nh5 10. Qd2 O-O 11. g4 Nf4 12. Bxf4 exf4 13. Qxf4 b5 14. cxb5 axb5 15. Nxb5 Bxb2 16. Rb1 Ne5 17. Nxe5 Bxe5 18. Qd2 Qh4 19. Ke2 g5 20. Qc2 Bd7 21. Kf3 h5 22. gxh5 Bxh3 23. Ke2 Bg4+ 24. f3 Bxf3+ 25. Kxf3 Qg3+ 26. Ke2 Qg2+ 27. Ke1 Qxh1+ 28. Kd2 Qxh5 29. a4 Kg7 30. Na3 Rh8 31. Nc4 Qh2+ 32. Be2 Qf4+ 0-1

[Event "4NCL/2001-02/D3/GUI3-WS"]
[Site "Rd09-Birmingham"]
[Date "2002.05.04"]
[Round "9.6"]
[White "Pitcher, John T"]
[Black "Allinson, Julian"]
[Result "1/2-1/2"]
[WhiteElo "2128"]
[BlackElo "1944"]
[PlyCount "42"]
[EventDate "2002.05.04"]
[EventCountry "ENG"]
[SourceTitle "BritBase"]
[Source "John Saunders"]
[SourceDate "2024.10.24"]
[SourceVersion "1"]
[SourceVersionDate "2024.10.24"]
[SourceQuality "1"]
[WhiteTeam "Warwickshire Select"]
[BlackTeam "Guildford-ADC 3"]
[WhiteTeamCountry "ENG"]
[BlackTeamCountry "ENG"]

1. e4 c6 2. d4 d5 3. e5 Qb6 4. Nc3 Bf5 5. g4 Bd7 6. h3 e6 7. Nge2 c5 8. Be3 Nc6 9. Qd2 cxd4 10. Bxd4 Nxd4 11. Nxd4 Rc8 12. Nd1 f6 13. exf6 Nxf6 14. Bg2 Bd6 15. c3 O-O 16. Ne3 g6 17. O-O-O Bc5 18. Kb1 Ba4 19. Rde1 Bxd4 20. cxd4 Ne4 21. Bxe4 dxe4 1/2-1/2

[Event "4NCL/2001-02/D3/GUI3-WS"]
[Site "Rd09-Birmingham"]
[Date "2002.05.04"]
[Round "9.7"]
[White "Smart, Michael"]
[Black "Cooper, David M"]
[Result "0-1"]
[WhiteElo "1960"]
[BlackElo "1880"]
[PlyCount "140"]
[EventDate "2002.05.04"]
[EventCountry "ENG"]
[SourceTitle "BritBase"]
[Source "John Saunders"]
[SourceDate "2024.10.24"]
[SourceVersion "1"]
[SourceVersionDate "2024.10.24"]
[SourceQuality "1"]
[WhiteTeam "Guildford-ADC 3"]
[BlackTeam "Warwickshire Select"]
[WhiteTeamCountry "ENG"]
[BlackTeamCountry "ENG"]

1. e4 e6 2. d4 d5 3. Nd2 Nf6 4. e5 Nfd7 5. Bd3 c5 6. c3 Nc6 7. Ne2 cxd4 8. cxd4 f6 9. exf6 Qxf6 10. Nf3 h6 11. O-O Bd6 12. Bb1 O-O 13. Qd3 Rd8 14. Qh7+ Kf7 15. Ng3 Nf8 16. Qd3 Kg8 17. Re1 Bd7 18. Nh5 Qf7 19. Ng3 Be8 20. a3 Qf6 21. Ba2 Bg6 22. Qe3 Rac8 23. Bd2 Rc7 24. Rac1 Rf7 25. b4 a6 26. Re2 Bb8 27. a4 Ba7 28. Bc3 b5 29. axb5 axb5 30. Rb2 Nd7 31. Re2 Nf8 32. Ra1 Bb8 33. Ree1 Qe7 {=} 34. Qd2 Bf4 35. Qb2 Qc7 36. Qe2 Qb6 37. Rad1 Ra8 38. Nh4 Bh7 39. Nh5 Bg5 40. Nf3 Be7 41. Bb1 Bxb1 42. Rxb1 Bd6 43. Qd2 Ra4 44. Rb3 Qa6 45. Rb2 Qa7 46. Ng3 Ra3 47. Ne2 Qe7 48. Reb1 Nd7 49. Qd3 Bxb4 50. Bxb4 Qxb4 51. Qg6 Qd6 52. Rxb5 Ne7 53. Qc2 Qa6 54. h3 Ra1 55. Kh2 Rxb1 56. Rxb1 Nf5 57. Qc7 Qd6+ 58. Qxd6 Nxd6 59. Nc3 Nc4 60. Re1 Rf6 61. Na4 Kf8 62. Nc3 g5 63. Kg3 Kg7 64. Nb5 Kf7 65. h4 gxh4+ 66. Kxh4 Rg6 67. g4 Nf6 68. g5 Ne4 69. Kh5 hxg5 70. Rg1 Nf6# 0-1